All Glee Characters - Statistics

General Stats
  • This quiz has been taken 160 times
  • The average score is 45 of 94
Answer Stats
First Episode Last Episode Character's Full Name % Correct
"Pilot" "Dreams Come True" Rachel Berry
100%
"Pilot" "Sweet Dreams" Finn Hudson
99%
"Pilot" "Dreams Come True" Kurt Hummel
94%
"Pilot" "Dreams Come True" Santana Lopez
94%
"Pilot" "Dreams Come True" Tina Cohen-Chang
94%
"Pilot" "Dreams Come True" Artie Abrams
93%
"Pilot" "Dreams Come True" Quinn Fabray
93%
"Pilot" "Dreams Come True" Mercedes Jones
92%
"Pilot" "Dreams Come True" Noah Puckerman
92%
"Preggers" "Dreams Come True" Mike Chang
90%
"Pilot" "Dreams Come True" Will Schuester
90%
"Pilot" "Dreams Come True" Sue Sylvester
89%
"Pilot" "Dreams Come True" Brittany Pierce
88%
"Pilot" "Dreams Come True" Emma Pillsbury
86%
"Audition" "Dreams Come True" Sam Evans
85%
"Never Been Kissed" "Dreams Come True" Blaine Anderson
81%
"The New Rachel" "New Directions" Marley Rose
78%
"Preggers" "Dreams Come True" Burt Hummel
75%
"The New Rachel" "Dreams Come True" Jake Puckerman
72%
"The Purple Piano Project" "Dreams Come True" Sugar Motta
71%
"Hell-O" "Dreams Come True" Jesse St. James
69%
"The New Rachel" "Dreams Come True" Kitty Wilde
69%
"The Role You Were Born To Play" "Dreams Come True" Ryder Lynn
68%
"Saturday Night Glee-ver" "Dreams Come True" Unique Adams
68%
"The Substitute" "New Directions" Holly Holiday
67%
"Preggers" "Dreams Come True" Matt Rutherford
67%
"Heart" "Dreams Come True" Joe Hart
65%
"Pilot" "Dreams Come True" Principal Figgins
65%
"The Rhodes Not Taken" "New Directions" April Rhodes
64%
"Wheels" "Dreams Come True" Becky Jackson
64%
"Pilot" "Bad Reputation" Ken Tanaka
63%
"Pot o' Gold" "Glee, Actually" Rory Flanagan
63%
"Wheels" "Dreams Come True" Lauren Zizes
56%
"The First Time" "Love,Love,Love" Sebastian Smythe
54%
"Hell-O" "Sweet Dreams" Shelby Corcoran
54%
"Homecoming" "Dreams Come True" Madison McCarthy
53%
"Homecoming" "Dreams Come True" Mason McCarthy
53%
"The New Rachel" "Guilty Pleasures" Brody Weston
51%
"Mash-Up" "Dreams Come True" David Karofsky
51%
"The New Rachel" "Wonder-ful" Cassandra July
50%
"Tina In The Sky With Diamonds" "Trio" Dani
50%
"Audition" "Dreams Come True" Sheldon Beiste
50%
"Audition" "New York" Sunshine Corazon
47%
"Pilot" "A Night Of Neglect" Sandy Ryerson
46%
"Loser Like Me" "Dreams Come True" Spencer Porter
46%
"Showmance" "Opening Night" Jacob Ben Israel
44%
"Homecoming" "Dreams Come True" Jane Hayward
44%
"Loser Like Me" "Dreams Come True" Roderick Meeks
44%
"Big Brother" "Big Brother" Cooper Anderson
40%
"Britney/Brittany" "Sexy" Carl Howell
39%
"Yes/No" "Jagged Little Tapestry" Roz Washington
39%
"Child Star" "Dreams Come True" Alistair
38%
"Dream On" "Dream On" Bryan Ryan
38%
"Pilot" "2009" Howard Bamboo
38%
"Dynamic Duets" "Naked" Hunter Clarington
38%
"A Katy Or Gaga" "New New York" Elliott Gilbert
36%
"Pilot" "Dreams Come True" Carole Hudson-Hummel
35%
"Wheels" "Furt" Jean Sylvester
35%
"The New Rachel" "Movin' Out" Millie Rose
35%
"Pilot" "Dreams Come True" Brad
33%
"Goodbye" "A Wedding" Maribel Lopez
32%
"Child Star" "Dreams Come True" Myron Muskovitz
32%
"What The World Needs Now" "A Wedding" Pierce Pierce
32%
"What The World Needs Now" "A Wedding" Whitney Pierce
32%
"Choke" "Bash" Carmen Tibideaux
31%
"Love,Love,Love" "Puppet Master" Bree
29%
"I Kissed A Girl" "A Wedding" Alma Lopez
26%
"Mash-Up" "Asian F" Azimio Adams
26%
"The Spanish Teacher" "The Spanish Teacher" David Martinez
26%
"Heart" "Loser Like Me" LeRoy Berry
26%
"Pilot" "Dreams Come True" Terri Del Monico
26%
"Preggers" "We Built This Glee Club" Rod Remington
25%
"Loser Like Me" "Dreams Come True" Skylar
25%
"Furt" "The Rise And Fall Of Sue Sylvester" Doris Sylvester
24%
"Makeover" "Lights Out" Isabelle Wright
24%
"Loser Like Me" "We Built This Glee Club" Clint
22%
"Audition" "New York" Dustin Goolsby
21%
"Acafellas" "Journey" Josh Groban
21%
"The Purple Piano Project" "Hold On To Sixteen" Harmony
18%
"Bad Reputation" "Journey" Olivia Newton-John
18%
"Sadie Hawkins" "Girls (and Boys) On Film Adam Crawford
17%
"The First Time" "Props" Cooter Menkins
15%
"City Of Angels" "City Of Angels" Jean Baptiste
15%
"Lights Out" "All Or Nothing" Frida Romero
13%
"The Purple Piano Project" "Prom-Asaurus" Shane Tinsley
13%
"Hairography" "Sectionals" Grace Hitchens
11%
"Showmance" "Hairography" Kendra Giardi
11%
"Tina In The Sky With Diamonds" "a Katy Or Gaga" Penny Owen
11%
"Movin' Out" "Movin' Out" Bichette
10%
"Bad Reputation" "Dream On" Brenda Castle
10%
"Acafellas" "Acafellas" Henri St. Pierre
7%
"Love,Love,Love" "Dreams Come True" Superintendent Harris
7%
"Love,Love,Love" "The End Of Twerk" Paolo San Pablo
6%
"Love,Love,Love" "Frenemies" Rupert Campion
6%
No matching quizzes found
Score Distribution
Percent of People with Each Score
Percentile by Number Answered
Your Score History
You have not taken this quiz